Ελληνική αϋπνία : μυθιστόρημα
Αποθηκεύτηκε σε:
| Κύριος συγγραφέας: | |
|---|---|
| Μορφή: | Βιβλίο |
| Γλώσσα: | Greek |
| Δημοσίευση: |
Αθήνα :
Πατάκη,
2016.
|
| Έκδοση: | 4η έκδ. |
| Σειρά: | Σύγχρονη ελληνική λογοτεχνία. Πεζογραφία (Πατάκης)
; 171 |
| Θέματα: | |
| Ετικέτες: |
Προσθήκη ετικέτας
Δεν υπάρχουν, Καταχωρήστε ετικέτα πρώτοι!
|
MARC
| LEADER | 00000cam a2200000 a 4500 | ||
|---|---|---|---|
| 001 | 1/120913 | ||
| 008 | 200213r20162004gr | ||| |||| ||gre|| | ||
| 020 | |a 9789601610900 | ||
| 040 | |a GR-MyUa |b gre |c GR-MyUa |e AACR2 | ||
| 041 | 0 | |a gre | |
| 082 | 7 | |a 889.3 |2 (23) | |
| 100 | 1 | |a Φάις, Μισέλ |d 1957- | |
| 245 | 1 | 0 | |a Ελληνική αϋπνία : |b μυθιστόρημα / |c Μισέλ Φαϊς. |
| 250 | |a 4η έκδ. | ||
| 260 | |a Αθήνα : |b Πατάκη, |c 2016. | ||
| 300 | |a 178 σ. ; |c 21 εκ. | ||
| 490 | 1 | |a (Σύγχρονη ελληνική λογοτεχνία πεζογραφία - Πατάκης) ; |v 171 | |
| 650 | 0 | |a Greek fiction, Modern |y 20th century. | |
| 830 | 0 | |a Σύγχρονη ελληνική λογοτεχνία. |p Πεζογραφία (Πατάκης) |v ; 171 | |
| 852 | |a INST |b SAMOS |e 20200213 |h 889.3 ΦΑΙ |p 005300046334 |q 005300046334 |t BK |y 0 | ||
| 920 | |a Τραγάκη |b Ζαφειρούλα |y Σάμος |z 2019-04 | ||
| 970 | |a Γουβάλα |b Βάσω |z 13-02-2020 | ||